000 00488nam a2200181Ia 4500
005 20250326124008.0
008 250326s9999 xx 000 0 und d
037 _aTextbook
040 _aFMSL
_beng
_cFMSL
041 _aeng
_2eng
084 _aV:8 L9
_qFMSL
100 _aBourn J
_9736574
245 0 _aManagement in central and local government
_cBourn J
260 _aLondon
_bLondon, Pitman
_c1979
300 _a267p
942 _cTB
_hV:8 L9
999 _c1271808
_d1271808